000 00598nam a22001931i 4500
001 2462
090 _a2462
100 _a20170304u u u0frey50 ba
101 0 _apor
200 1 _fF. L. Mueller
_aA psicologia contemporânea
215 _a238, [6] p.
_d18 cm
300 _aExemplar nÇ 0002669 em depósito / caixa 374
701 1 _aRodo
_bMaria Angelina Conde
_4730
700 1 _aMueller
_bF. L.
_4070
210 _cEuropa-América
_aMem Martins
_d1976
225 2 _aSaber
_v58
410 0 _tSaber
996 _f0002669
_kMUE
_m00000000
_n00000000
_aBMVA
_b1
_vDepósito
_xPsicologia
_y25
_eLivro
_10
_31
990 _cLIVROS